[Event "Regionalliga NW 0304"]
[Site "Bayern"]
[Date "2004.01.18"]
[Round "5.3"]
[White "Sedens, Udo"]
[Black "Hertel, Hans"]
[Result "1/2-1/2"]
[WhiteElo "2151"]
[BlackElo "2024"]
[PlyCount "45"]
[EventDate "2003.10.12"]
[EventType "team-tourn"]
[EventRounds "9"]
[EventCountry "GER"]
[SourceTitle "EXT 2006"]
[Source "ChessBase"]
[SourceDate "2005.11.24"]
[SourceVersion "1"]
[SourceVersionDate "2005.11.24"]
[SourceQuality "1"]
[WhiteTeam "Schweinfurt"]
[BlackTeam "Hof"]
[WhiteTeamCountry "GER"]
[BlackTeamCountry "GER"]

1. c4 f5 2. Nc3 Nf6 3. g3 c6 4. Nf3 d5 5. cxd5 cxd5 6. d4 e6 7. Bg2 Bd7 8. Ne5 Nc6 9. Nxd7 Nxd7 10. 0-0 Qb6 11. e3 Be7 12. g4 g6 13. gxf5 gxf5 14. Qh5+ Kd8 15. Qf7 Nb4 16. Bd2 Rf8 17. Qg7 Nf6 18. Rac1 Rg8 19. Qf7 Rf8 20. Qg7 Rg8 21. Qf7 Rf8 22. Qg7 Rg8 23. Qf7 1/2-1/2